Serien erraten mit Bildern - Teil 3 - Statistiken

Allgemein
  • Dieses Quiz wurde 575 mal gespielt
  • Das Durchschnittsergebnis liegt bei 4 aus 16
Antwortstatistiken
Bildquiz Antwort % Korrekt
Superman - Die Abenteuer von Lois und Clark
91%
Stranger Things
87%
The Blacklist
58%
Mike & Molly
40%
Akte X
39%
Only Murders in the Building
28%
Beverly Hills 90210
23%
Once upon a Time
20%
Angel
16%
Eine himmlische Familie
12%
Alle lieben Raymond
10%
Chicago P.D.
7%
Dead like me
5%
Everwood
5%
Party of Five
4%
Harry's Law
1%
Keine übereinstimmenden Quizze gefunden
Verteilung der Resultate
Anzahl Personen mit jedem Resultat
Perzentil nach korrekt beantworteten Fragen
Ihre Resultats-Entwicklung
Sie haben dieses Quiz noch nicht gespielt